Statystyki dla 5 sposobów na...

Kliknij tutaj aby rozwiązać quiz!

Ogólne statystyki

  • Ten quiz został rozwiązany 20 razy
  • Średni wynik to 13 z 131

Statystyki odpowiedzi

5 sposobów na...% Poprawnych
imprezę
45%
gry imprezowe
35%
gry w zeszycie
35%
parówki
35%
pakowanie prezentów
30%
powrót do szkoły
30%
proste przekąski
30%
samochód
30%
święta Bożego Narodzenia
30%
zdrowe przekąski
30%
domowy alkohol
25%
grilla
25%
imprezowe przekąski
25%
prezenty do 10 złotych
25%
świąteczne prezenty
25%
udane wakacje
25%
ułatwienie sobie życia
25%
zakłady barowe
25%
Dzień Matki
20%
Dzień Ojca
20%
jesień
20%
majsterkowe lifehacki
20%
odpicowanie ogrodu
20%
piwo
20%
przeżycie za 5 złotych dziennie
20%
rower
20%
ser
20%
sylwestra
20%
sztuczki karciane
20%
sztuczki magiczne
20%
telefon
20%
zimę
20%
Dzień Kobiet
15%
Halloween
15%
mikrofalówkę
15%
nudę
15%
papier
15%
plastikowe butelki
15%
porządki
15%
prezerwatywę
15%
przeziębienie
15%
ściąganie
15%
walentynki
15%
broń biurową
10%
czekoladę
10%
Dzień Babci i Dziadka
10%
jajka
10%
kawę
10%
kibicowanie
10%
klocki LEGO
10%
pokój studenta
10%
potrawy z mikrofalówki
10%
reklamówki
10%
spakowanie się
10%
studenckie życie
10%
trollowanie znajomych
10%
upał
10%
Wielkanoc
10%
zapałki
10%
ziemniaki
10%
bezpieczeństwo
5%
biuro
5%
butelkę piwa
5%
dekoracje do domu
5%
desery lodowe
5%
eksperymenty
5%
fidget spinner
5%
folię
5%
folię aluminiową
5%
gadżety dla gracza
5%
gumę do żucia
5%
iluzje optyczne
5%
jabłka
5%
kaca
5%
karton
5%
klipsy biurowe
5%
korki do wina
5%
nietypowe półki
5%
Nutellę
5%
odjazdowe fotki
5%
opakowania i płyty CD
5%
oszczędzanie
5%
owoce i warzywa
5%
piłeczki pingpongowe
5%
pizzę inaczej
5%
płytę winylową
5%
pokój gracza
5%
prima aprilis
5%
puszkę po napoju
5%
rolkę papieru toaletowego
5%
skrytki nie do wykrycia
5%
słoiki
5%
supermoce
5%
survival
5%
telewizję
5%
tłusty czwartek
5%
truskawki
5%
wosk
5%
zapalniczkę
5%
znane batony
5%
alternatywne choinki
0%
cebulę
0%
dekorowanie ścian
0%
drugie życie rzeczy
0%
efekty filmowe
0%
Facebooka
0%
gadżety dla faceta
0%
gadżety dla kobiet
0%
gadżety dla zwierzaków
0%
gadżety do domu
0%
gumki recepturki
0%
gumowe rękawiczki
0%
kapsle i nakrętki
0%
kasztany
0%
klamerkę
0%
meble
0%
ozdoby świąteczne
0%
patyczki po lodach
0%
pokój nastolatka
0%
rzeczy bez sensu
0%
rzeczy do 10 złotych
0%
rzeczy do 20 złotych
0%
rzeczy z cementu
0%
sztućce
0%
sztukę w domu
0%
T-shirty
0%
wieczór kawalerski
0%
wykałaczki
0%
zaoszczędzenie czasu
0%
żarówkę
0%
zupki chińskie
0%

Rozkład punktacji

Percentyl według liczby udzielonych odpowiedzi

Procent ludzi z każdym wynikiem

Twoja historia wyników

Nie rozwiązałeś tego quizu